[Event "Budapest FS05 GM"]
[Site "Budapest"]
[Date "2016.05.13"]
[Round "6"]
[White "Tan, Justin Hy"]
[Black "Battey, Alexander"]
[Result "1/2-1/2"]
[WhiteElo "2445"]
[BlackElo "2338"]
[PlyCount "96"]
[EventDate "2016.05.07"]
[EventType "tourn"]
[EventRounds "9"]
[EventCountry "HUN"]
[EventCategory "7"]
[SourceTitle "CBM 172 Extra"]
[Source "ChessBase"]
[SourceDate "2016.06.21"]
[SourceVersion "1"]
[SourceVersionDate "2016.06.21"]
[SourceQuality "1"]

1. e4 c6 2. Nc3 d5 3. Nf3 Bg4 4. h3 Bh5 5. Be2 e6 6. 0-0 Nf6 7. d3 dxe4 8. dxe4 Qxd1 9. Rxd1 Nbd7 10. Nd4 e5 11. Nf3 Bb4 12. Bd2 Bxc3 13. Bxc3 Nxe4 14. Bxe5 Nxe5 15. Nxe5 Bxe2 16. Re1 Nd6 17. Rxe2 0-0-0 18. Rae1 Kc7 19. Nf3 Rd7 20. g4 h6 21. Kg2 Rdd8 22. Re7+ Rd7 23. b3 Rxe7 24. Rxe7+ Kd8 25. Re2 Re8 26. Rxe8+ Kxe8 27. Nd4 Ke7 28. Kf3 Kf6 29. Kf4 g5+ 30. Ke3 Ke5 31. Nf3+ Ke6 32. Ne1 c5 33. Nd3 b6 34. f4 f6 35. c4 Ke7 36. Ne1 f5 37. Nf3 Kf6 38. Ne5 Nc8 39. Nc6 Ke6 40. Kf3 Kd6 41. Ne5 Ke6 42. gxf5+ Kxf5 43. Ng4 h5 44. Ne3+ Kg6 45. Ke4 Nd6+ 46. Ke5 Nf7+ 47. Ke4 Nd6+ 48. Ke5 Nf7+ 1/2-1/2

[Event "Budapest FS05 GM"]
[Site "Budapest"]
[Date "2016.05.09"]
[Round "3"]
[White "Battey, Alexander"]
[Black "Varga, Zoltan"]
[Result "1/2-1/2"]
[WhiteElo "2338"]
[BlackElo "2436"]
[PlyCount "29"]
[EventDate "2016.05.07"]
[EventType "tourn"]
[EventRounds "9"]
[EventCountry "HUN"]
[EventCategory "7"]
[SourceTitle "CBM 172 Extra"]
[Source "ChessBase"]
[SourceDate "2016.06.21"]
[SourceVersion "1"]
[SourceVersionDate "2016.06.21"]
[SourceQuality "1"]

1. d4 d5 2. c4 c6 3. Nf3 Nf6 4. Nc3 e6 5. e3 Nbd7 6. Bd3 dxc4 7. Bxc4 b5 8. Be2 b4 9. Na4 Bb7 10. 0-0 Be7 11. b3 0-0 12. Bb2 c5 13. dxc5 Nxc5 14. Nxc5 Bxc5 15. Qxd8 1/2-1/2

[Event "Budapest FS03 GM"]
[Site "Budapest"]
[Date "2015.03.16"]
[Round "9"]
[White "Atabayev, Yusup"]
[Black "Battey, Alexander"]
[Result "1-0"]
[WhiteElo "2424"]
[BlackElo "2324"]
[PlyCount "109"]
[EventDate "2015.03.07"]
[EventType "tourn"]
[EventRounds "9"]
[EventCountry "HUN"]
[EventCategory "7"]
[SourceTitle "CBM 165 Extra"]
[Source "ChessBase"]
[SourceDate "2015.04.21"]
[SourceVersion "1"]
[SourceVersionDate "2015.04.21"]
[SourceQuality "1"]

1. e4 g6 2. d4 Bg7 3. Nc3 d6 4. Nf3 a6 5. a4 b6 6. Be2 Bb7 7. 0-0 e6 8. Be3 Nd7 9. h3 Ngf6 10. Nd2 0-0 11. f4 c5 12. f5 gxf5 13. dxc5 bxc5 14. Bg5 Qc7 15. exf5 e5 16. Qe1 d5 17. Qh4 Kh8 18. Nd1 Rg8 19. Nf2 Rae8 20. Ra3 e4 21. Ng4 Nxg4 22. hxg4 Bd4+ 23. Kh1 Rxg5 24. Qxg5 Rg8 25. Qh4 Bf6 26. Qh5 Bg5 27. Qxf7 Rf8 28. Qh5 Bxd2 29. g5 e3 30. Qh6 Rg8 31. Rf3 Ne5 32. Rh3 Qg7 33. g6 Qxh6 34. Rxh6 Kg7 35. Rxh7+ Kf6 36. Rxb7 Kxf5 37. g7 c4 38. b3 c3 39. Ra1 Kg6 40. Rf1 d4 41. Re7 d3 42. cxd3 c2 43. Rxe5 c1Q 44. Rxc1 Bxc1 45. d4 Rxg7 46. Bxa6 Kf6 47. Be2 Rd7 48. Re4 Rb7 49. Bc4 Kf5 50. Re8 Kf4 51. Kg1 Bb2 52. Kf1 Bxd4 53. Bd5 Rb4 54. Re4+ Kf5 55. Ke2 1-0

[Event "Budapest FS03 GM"]
[Site "Budapest"]
[Date "2015.03.13"]
[Round "6"]
[White "Battey, Alexander"]
[Black "Varga, Zoltan"]
[Result "1/2-1/2"]
[WhiteElo "2324"]
[BlackElo "2469"]
[PlyCount "39"]
[EventDate "2015.03.07"]
[EventType "tourn"]
[EventRounds "9"]
[EventCountry "HUN"]
[EventCategory "7"]
[SourceTitle "CBM 165 Extra"]
[Source "ChessBase"]
[SourceDate "2015.04.21"]
[SourceVersion "1"]
[SourceVersionDate "2015.04.21"]
[SourceQuality "1"]

1. d4 d6 2. e4 Nf6 3. Nc3 g6 4. Nf3 Bg7 5. Be2 0-0 6. 0-0 Bg4 7. Be3 Nc6 8. d5 Bxf3 9. Bxf3 Ne5 10. Be2 c5 11. f4 Ned7 12. Bf3 b5 13. a4 b4 14. Ne2 Ne8 15. Rb1 a5 16. b3 Qb6 17. Kh1 Qa6 18. Ng3 Nc7 19. Be2 Qb6 20. Bc4 1/2-1/2

[Event "Budapest FS03 GM"]
[Site "Budapest"]
[Date "2015.03.10"]
[Round "4"]
[White "Atabayev, Maksat"]
[Black "Battey, Alexander"]
[Result "0-1"]
[WhiteElo "2493"]
[BlackElo "2324"]
[PlyCount "76"]
[EventDate "2015.03.07"]
[EventType "tourn"]
[EventRounds "9"]
[EventCountry "HUN"]
[EventCategory "7"]
[SourceTitle "CBM 165 Extra"]
[Source "ChessBase"]
[SourceDate "2015.04.21"]
[SourceVersion "1"]
[SourceVersionDate "2015.04.21"]
[SourceQuality "1"]

1. e4 c5 2. Nf3 d6 3. d4 cxd4 4. Nxd4 Nf6 5. Nc3 a6 6. g3 e5 7. Nb3 Be7 8. Bg2 b5 9. 0-0 Nbd7 10. a4 b4 11. Nd5 a5 12. Bd2 Nxd5 13. exd5 0-0 14. c3 bxc3 15. Bxc3 Qb6 16. Ra3 Bd8 17. Qd2 Qa7 18. Nc1 f5 19. b4 f4 20. bxa5 Ba6 21. Re1 Bg5 22. g4 Nf6 23. Bf3 Qd7 24. Qd1 h5 25. gxh5 Rae8 26. Kh1 Qf5 27. Rg1 e4 28. Bg4 Nxg4 29. Qxg4 Qxg4 30. Rxg4 Bh6 31. Bxg7 Bxg7 32. h6 e3 33. Rxg7+ Kh8 34. Kg1 Rc8 35. fxe3 f3 36. Ra2 Rxc1+ 37. Kf2 Rf1+ 38. Kg3 f2 0-1

[Event "Pardubice Czech op-A 24th"]
[Site "Pardubice"]
[Date "2013.07.22"]
[Round "4"]
[White "Malakhov, Igor"]
[Black "Battey, Alexander"]
[Result "1/2-1/2"]
[WhiteElo "2442"]
[BlackElo "2304"]
[PlyCount "103"]
[EventDate "2013.07.19"]
[EventType "swiss"]
[EventRounds "9"]
[EventCountry "CZE"]
[SourceTitle "CBM 155 Extra"]
[Source "ChessBase"]
[SourceDate "2013.08.26"]
[SourceVersion "1"]
[SourceVersionDate "2013.08.26"]
[SourceQuality "1"]

1. c4 e5 2. Nc3 Nf6 3. Nf3 Nc6 4. e3 Bb4 5. Qc2 Bxc3 6. Qxc3 d6 7. d3 0-0 8. Be2 Bg4 9. h3 Bh5 10. g4 Bg6 11. e4 Nd7 12. Be3 f6 13. h4 Nc5 14. h5 Be8 15. 0-0-0 Ne6 16. d4 exd4 17. Nxd4 Ncxd4 18. Bxd4 Nxd4 19. Qxd4 Qe7 20. f3 Qe5 21. Qxe5 dxe5 22. c5 Kf7 23. Rd2 Ke7 24. Rhd1 Ba4 25. b3 Bc6 26. h6 g6 27. Bc4 a5 28. Kc2 Rac8 29. Kc3 Ra8 30. Rd3 Rac8 31. R1d2 Ra8 32. a4 Rab8 33. Rd1 Rfc8 34. Bd5 Rd8 35. Kc4 Bd7 36. Kc3 Bc6 37. R1d2 Rd7 38. b4 Bxa4 39. bxa5 Bb5 40. Bc4 Rxd3+ 41. Rxd3 Bxc4 42. Kxc4 Ra8 43. Ra3 c6 44. Rb3 Ra7 45. Kb4 g5 46. Rd3 Ra8 47. Ka4 Ra7 48. Rb3 Kd7 49. Rd3+ Ke7 50. Rd2 Ke8 51. Rd3 Ke7 52. Rd2 1/2-1/2

[Event "Pardubice op rap 24th"]
[Site "Pardubice"]
[Date "2013.07.18"]
[Round "4"]
[White "Battey, Alexander"]
[Black "Pechac, Jergus"]
[Result "1-0"]
[WhiteElo "2304"]
[BlackElo "2182"]
[PlyCount "67"]
[EventDate "2013.07.17"]
[EventType "swiss (rapid)"]
[EventRounds "9"]
[EventCountry "CZE"]
[SourceTitle "CBM 155 Extra"]
[Source "ChessBase"]
[SourceDate "2013.08.26"]
[SourceVersion "1"]
[SourceVersionDate "2013.08.26"]
[SourceQuality "1"]

1. d4 e6 2. Nf3 c5 3. g3 cxd4 4. Nxd4 Nc6 5. Bg2 Bc5 6. Nb3 Be7 7. c4 d6 8. 0-0 Nf6 9. Nc3 a6 10. Be3 0-0 11. h3 e5 12. Nd5 Nxd5 13. cxd5 Na5 14. Nd2 b5 15. b4 Nb7 16. a4 bxa4 17. Nc4 f5 18. Qd2 g5 19. Nb6 Rb8 20. Nxc8 Rxc8 21. Qd3 a5 22. Qa6 Qd7 23. bxa5 Bd8 24. Qc6 Rxc6 25. dxc6 Qe7 26. Bd5+ Kg7 27. cxb7 Bxa5 28. Rxa4 Bc7 29. Rc1 f4 30. Ba7 Bb8 31. Rc8 fxg3 32. fxg3 Bxa7+ 33. Rxa7 Rxc8 34. bxc8N 1-0

[Event "Pardubice op rap 24th"]
[Site "Pardubice"]
[Date "2013.07.18"]
[Round "7"]
[White "Jaracz, Barbara"]
[Black "Battey, Alexander"]
[Result "1-0"]
[WhiteElo "2270"]
[BlackElo "2304"]
[PlyCount "69"]
[EventDate "2013.07.17"]
[EventType "swiss (rapid)"]
[EventRounds "9"]
[EventCountry "CZE"]
[SourceTitle "CBM 155 Extra"]
[Source "ChessBase"]
[SourceDate "2013.08.26"]
[SourceVersion "1"]
[SourceVersionDate "2013.08.26"]
[SourceQuality "1"]

1. e4 c5 2. Nf3 e6 3. d4 cxd4 4. Nxd4 a6 5. Bd3 Bc5 6. Nb3 Ba7 7. 0-0 Nc6 8. c4 d6 9. Qe2 Nge7 10. Nc3 0-0 11. Be3 e5 12. Bxa7 Rxa7 13. Rad1 b6 14. Qe3 Be6 15. Nd5 Nc8 16. Be2 a5 17. Nd2 Bxd5 18. cxd5 Nb4 19. Qb3 Na6 20. Bxa6 Rxa6 21. Rc1 Na7 22. Nc4 b5 23. Ne3 g6 24. Qd3 Rb6 25. f4 exf4 26. Rxf4 Qg5 27. Rcf1 Rb7 28. Ng4 h5 29. h4 Qe7 30. Nf6+ Kh8 31. Qc3 Qe5 32. Qxa5 Qxb2 33. Qa6 Qd4+ 34. Kh1 Qb6 35. Qxb6 1-0

[Event "Budapest FS05 IM-B"]
[Site "Budapest"]
[Date "2013.05.05"]
[Round "2"]
[White "Szalanczy, Emil"]
[Black "Battey, Alexander"]
[Result "1-0"]
[WhiteElo "2262"]
[BlackElo "2306"]
[PlyCount "88"]
[EventDate "2013.05.04"]
[EventType "tourn"]
[EventRounds "10"]
[EventCountry "HUN"]
[EventCategory "1"]
[SourceTitle "CBM 154 Extra"]
[Source "ChessBase"]
[SourceDate "2013.06.25"]
[SourceVersion "2"]
[SourceVersionDate "2013.06.25"]
[SourceQuality "1"]

1. e4 c5 2. Nf3 Nc6 3. d4 cxd4 4. Nxd4 Nf6 5. Nc3 e5 6. Ndb5 d6 7. Bg5 a6 8. Na3 b5 9. Nd5 Be7 10. Bxf6 Bxf6 11. c4 b4 12. Nc2 0-0 13. Qf3 Bg5 14. h4 Bh6 15. g3 Qa5 16. b3 f5 17. Bg2 Ra7 18. 0-0 Raf7 19. a3 bxa3 20. b4 Qd8 21. b5 axb5 22. cxb5 Ne7 23. Ncb4 Nxd5 24. Nxd5 f4 25. Rxa3 fxg3 26. Qxg3 Bf4 27. Nxf4 Rxf4 28. Ra8 Qb6 29. Qb3+ Kh8 30. Qc2 Bd7 31. Rxf8+ Rxf8 32. Rb1 h6 33. Qd2 Rb8 34. Bf1 Qd8 35. Rb3 Rb6 36. Qd5 Bc8 37. Rg3 Rb7 38. Bc4 Re7 39. Rg6 Bb7 40. Rxd6 Qe8 41. Qd1 Kh7 42. h5 Qc8 43. Qf3 Rc7 44. Be6 Qb8 1-0

[Event "Budapest FS04 IM"]
[Site "Budapest"]
[Date "2013.04.12"]
[Round "7"]
[White "To, Nhat Minh"]
[Black "Battey, Alexander"]
[Result "1/2-1/2"]
[WhiteElo "2285"]
[BlackElo "2301"]
[PlyCount "24"]
[EventDate "2013.04.06"]
[EventType "tourn"]
[EventRounds "11"]
[EventCountry "HUN"]
[EventCategory "2"]
[SourceTitle "CBM 154 Extra"]
[Source "ChessBase"]
[SourceDate "2013.06.25"]
[SourceVersion "2"]
[SourceVersionDate "2013.06.25"]
[SourceQuality "1"]

1. c4 e6 2. Nf3 Nf6 3. g3 d5 4. Bg2 Be7 5. 0-0 0-0 6. d4 dxc4 7. Qc2 a6 8. Qxc4 b5 9. Qc2 Bb7 10. Bd2 Be4 11. Qc1 Bb7 12. Qc2 Be4 1/2-1/2

[Event "Budapest FS04 IM"]
[Site "Budapest"]
[Date "2013.04.11"]
[Round "6"]
[White "Battey, Alexander"]
[Black "Lyell, Mark"]
[Result "0-1"]
[WhiteElo "2301"]
[BlackElo "2245"]
[PlyCount "46"]
[EventDate "2013.04.06"]
[EventType "tourn"]
[EventRounds "11"]
[EventCountry "HUN"]
[EventCategory "2"]
[SourceTitle "CBM 154 Extra"]
[Source "ChessBase"]
[SourceDate "2013.06.25"]
[SourceVersion "2"]
[SourceVersionDate "2013.06.25"]
[SourceQuality "1"]

1. d4 Nf6 2. c4 e6 3. Nf3 d5 4. Nc3 dxc4 5. e4 Bb4 6. e5 Nd5 7. Bd2 Nb6 8. a3 Bxc3 9. bxc3 Nc6 10. Ng5 Na5 11. Qh5 Qe7 12. Nxh7 Qf8 13. Qh4 Qg8 14. Nf6+ gxf6 15. Qxf6 Nd5 16. Qf3 Bd7 17. Be2 Bc6 18. Qg3 0-0-0 19. Bg5 Rf8 20. h4 f6 21. exf6 Nxf6 22. Qe5 Ne4 23. Qxa5 Nxg5 0-1

[Event "Budapest FS04 IM"]
[Site "Budapest"]
[Date "2013.04.10"]
[Round "5"]
[White "Keschitz, Gyorgy"]
[Black "Battey, Alexander"]
[Result "0-1"]
[WhiteElo "2213"]
[BlackElo "2301"]
[PlyCount "76"]
[EventDate "2013.04.06"]
[EventType "tourn"]
[EventRounds "11"]
[EventCountry "HUN"]
[EventCategory "2"]
[SourceTitle "CBM 154 Extra"]
[Source "ChessBase"]
[SourceDate "2013.06.25"]
[SourceVersion "2"]
[SourceVersionDate "2013.06.25"]
[SourceQuality "1"]

1. Nf3 c5 2. g3 Nc6 3. Bg2 g6 4. 0-0 Bg7 5. d3 d5 6. c3 Nf6 7. Nbd2 0-0 8. e4 d4 9. cxd4 cxd4 10. a4 Nd7 11. Nc4 Nc5 12. b3 a5 13. Ba3 Nb4 14. Ne1 Be6 15. Rc1 Rc8 16. Bxb4 axb4 17. f4 f6 18. Rf2 Bf7 19. Rb2 e5 20. fxe5 fxe5 21. Qd2 Na6 22. Nf3 Qe7 23. Rf1 Rc6 24. h4 Bxc4 25. bxc4 Rcf6 26. Ne1 Rxf1+ 27. Bxf1 Qd7 28. a5 Qa4 29. Bh3 Rf6 30. Bc8 Qc6 31. Bh3 Qa4 32. Bc8 b3 33. Bxb7 Nc5 34. Bd5+ Kh8 35. Rb1 Bh6 36. Qe2 Be3+ 37. Kh1 Qd7 38. Nf3 Rxf3 0-1

[Event "Budapest FS04 IM"]
[Site "Budapest"]
[Date "2013.04.07"]
[Round "2"]
[White "Battey, Alexander"]
[Black "Balint, Vilmos"]
[Result "1-0"]
[WhiteElo "2301"]
[BlackElo "2212"]
[PlyCount "45"]
[EventDate "2013.04.06"]
[EventType "tourn"]
[EventRounds "11"]
[EventCountry "HUN"]
[EventCategory "2"]
[SourceTitle "CBM 154 Extra"]
[Source "ChessBase"]
[SourceDate "2013.06.25"]
[SourceVersion "2"]
[SourceVersionDate "2013.06.25"]
[SourceQuality "1"]

1. d4 Nf6 2. c4 e6 3. Nf3 Bb4+ 4. Bd2 Qe7 5. g3 Ne4 6. Bg2 Nxd2 7. Nbxd2 c5 8. a3 Bxd2+ 9. Qxd2 d6 10. 0-0 Nc6 11. b4 cxb4 12. axb4 0-0 13. b5 Nb8 14. Qb4 b6 15. Ne5 Bb7 16. Bxb7 Qxb7 17. Qxd6 Re8 18. Rfb1 Qe7 19. Qxe7 Rxe7 20. c5 bxc5 21. b6 a6 22. dxc5 f6 23. c6 1-0

[Event "Budapest FS04 IM"]
[Site "Budapest"]
[Date "2013.04.06"]
[Round "1"]
[White "Battey, Alexander"]
[Black "Jayakumar, Adarsh"]
[Result "1/2-1/2"]
[WhiteElo "2301"]
[BlackElo "2294"]
[PlyCount "94"]
[EventDate "2013.04.06"]
[EventType "tourn"]
[EventRounds "11"]
[EventCountry "HUN"]
[EventCategory "2"]
[SourceTitle "CBM 154 Extra"]
[Source "ChessBase"]
[SourceDate "2013.06.25"]
[SourceVersion "2"]
[SourceVersionDate "2013.06.25"]
[SourceQuality "1"]

1. Nf3 d5 2. g3 Nf6 3. Bg2 Bg4 4. c4 c6 5. 0-0 Nbd7 6. d4 e6 7. Nbd2 Be7 8. b3 0-0 9. Bb2 a5 10. h3 Bh5 11. g4 Bg6 12. Nh4 a4 13. Nxg6 hxg6 14. Qc2 Qa5 15. Rfd1 Bb4 16. Rac1 Rfd8 17. Nb1 Qa6 18. e3 g5 19. Bf1 Qa5 20. Bd3 Bd6 21. Nd2 e5 22. dxe5 Bxe5 23. Nf3 Bxb2 24. Qxb2 axb3 25. axb3 Nc5 26. b4 Qb6 27. cxd5 Nxd3 28. Rxd3 Rxd5 29. Rxd5 Nxd5 30. b5 Re8 31. Nd4 Nc7 32. Nf5 Ne6 33. Nd6 Rd8 34. Nc4 Qxb5 35. Qxb5 cxb5 36. Na5 b6 37. Nc6 Rd2 38. Rb1 Nc7 39. Nd4 f6 40. Nxb5 Nxb5 41. Rxb5 Rd6 42. f4 gxf4 43. exf4 Kf7 44. Kf2 Ke7 45. g5 Kd7 46. gxf6 Rxf6 47. Ke3 Kc6 1/2-1/2

[Event "HUN-chT2 Maroczy 1213"]
[Site "Hungary"]
[Date "2013.01.27"]
[Round "6"]
[White "Bors, Tamas"]
[Black "Battey, Alexander"]
[Result "1/2-1/2"]
[WhiteElo "2283"]
[BlackElo "2364"]
[PlyCount "23"]
[EventDate "2012.09.16"]
[EventType "team-tourn"]
[EventRounds "11"]
[EventCountry "HUN"]
[SourceTitle "EXT 2014"]
[Source "ChessBase"]
[SourceDate "2013.11.20"]
[SourceVersion "1"]
[SourceVersionDate "2013.11.20"]
[SourceQuality "1"]
[WhiteTeam "Taban Spartacus"]
[BlackTeam "Sarkany"]
[WhiteTeamCountry "HUN"]
[BlackTeamCountry "HUN"]

1. c4 e5 2. g3 Nf6 3. Bg2 d5 4. cxd5 Nxd5 5. Nf3 Nc6 6. 0-0 Nb6 7. Nc3 Be7 8. d3 0-0 9. Be3 f5 10. Rc1 Be6 11. a3 Nd5 12. Bd2 1/2-1/2

[Event "Kecskemet Caissa IM 12"]
[Site "Kecskemet"]
[Date "2012.12.20"]
[Round "8"]
[White "Battey, Alexander"]
[Black "Kislik, Erik Andrew"]
[Result "1/2-1/2"]
[WhiteElo "2313"]
[BlackElo "2361"]
[PlyCount "30"]
[EventDate "2012.12.14"]
[EventType "tourn"]
[EventRounds "10"]
[EventCountry "HUN"]
[EventCategory "1"]
[SourceTitle "EXT 2014"]
[Source "ChessBase"]
[SourceDate "2013.11.20"]
[SourceVersion "1"]
[SourceVersionDate "2013.11.20"]
[SourceQuality "1"]

1. d4 f5 2. Nc3 Nf6 3. Bg5 d5 4. Bxf6 exf6 5. e3 c6 6. Bd3 Na6 7. a3 Nc7 8. Qf3 g6 9. Nge2 Ne6 10. h4 Bd6 11. g3 Qc7 12. h5 Ng5 13. Qg2 Rg8 14. hxg6 hxg6 15. Nf4 Qf7 1/2-1/2

[Event "Kecskemet Caissa IM 12"]
[Site "Kecskemet"]
[Date "2012.12.15"]
[Round "3"]
[White "Kislik, Erik Andrew"]
[Black "Battey, Alexander"]
[Result "1/2-1/2"]
[WhiteElo "2361"]
[BlackElo "2313"]
[PlyCount "43"]
[EventDate "2012.12.14"]
[EventType "tourn"]
[EventRounds "10"]
[EventCountry "HUN"]
[EventCategory "1"]
[SourceTitle "EXT 2014"]
[Source "ChessBase"]
[SourceDate "2013.11.20"]
[SourceVersion "1"]
[SourceVersionDate "2013.11.20"]
[SourceQuality "1"]

1. d4 Nf6 2. c4 e6 3. Nf3 d5 4. Nc3 Bb4 5. cxd5 exd5 6. Bg5 Nbd7 7. e3 c5 8. Be2 Qa5 9. 0-0 Bxc3 10. bxc3 c4 11. Nd2 Qxc3 12. e4 0-0 13. exd5 Qxd4 14. Nxc4 Qxd5 15. Qc1 Ne4 16. Be3 Re8 17. Rd1 Qe6 18. Bf1 b5 19. Nd2 Nxd2 20. Qxd2 Ne5 21. Bxb5 Bb7 22. Qd6 1/2-1/2

[Event "Kecskemet Caissa IM 11"]
[Site "Kecskemet"]
[Date "2012.11.23"]
[Round "11"]
[White "Hou, Qiang"]
[Black "Battey, Alexander"]
[Result "1-0"]
[WhiteElo "2339"]
[BlackElo "2362"]
[PlyCount "75"]
[EventDate "2012.11.17"]
[EventType "tourn"]
[EventRounds "14"]
[EventCountry "HUN"]
[EventCategory "2"]
[SourceTitle "EXT 2014"]
[Source "ChessBase"]
[SourceDate "2013.11.20"]
[SourceVersion "1"]
[SourceVersionDate "2013.11.20"]
[SourceQuality "1"]

1. e4 c5 2. Nf3 Nc6 3. d4 cxd4 4. Nxd4 Nf6 5. Nc3 e5 6. Ndb5 d6 7. Bg5 a6 8. Na3 b5 9. Nd5 Be7 10. Bxf6 Bxf6 11. c3 Bg5 12. Nc2 0-0 13. a4 bxa4 14. Rxa4 a5 15. Bc4 Rb8 16. Ra2 Kh8 17. Nce3 g6 18. h4 Bh6 19. h5 Kg7 20. b3 Ne7 21. Qd3 Nxd5 22. Bxd5 Qb6 23. Nc4 Qxb3 24. Rb2 Qxb2 25. Nxb2 Rxb2 26. 0-0 Bg4 27. Ra1 Rfb8 28. f3 Rd2 29. Qf1 Be3+ 30. Kh1 Be6 31. Rxa5 Bxd5 32. Rxd5 Rxd5 33. exd5 Bc5 34. g4 Rb2 35. Qc1 Rf2 36. h6+ Kf8 37. Qg5 Ke8 38. Qf6 1-0

[Event "Budapest FS11 IM"]
[Site "Budapest"]
[Date "2012.11.11"]
[Round "8"]
[White "Hou, Qiang"]
[Black "Battey, Alexander"]
[Result "1-0"]
[WhiteElo "2289"]
[BlackElo "2362"]
[PlyCount "67"]
[EventDate "2012.11.03"]
[EventType "tourn"]
[EventRounds "11"]
[EventCountry "HUN"]
[EventCategory "2"]
[SourceTitle "CBM 151 Extra"]
[Source "ChessBase"]
[SourceDate "2012.12.18"]
[SourceVersion "1"]
[SourceVersionDate "2012.12.18"]
[SourceQuality "1"]

1. e4 c5 2. Nf3 d6 3. d4 cxd4 4. Nxd4 Nf6 5. Nc3 g6 6. Be3 Bg7 7. f3 0-0 8. Qd2 Nc6 9. Bc4 Bd7 10. 0-0-0 Rc8 11. Bb3 Ne5 12. h4 h5 13. Bg5 Re8 14. Kb1 b5 15. Ndxb5 Bxb5 16. Nxb5 Qb6 17. Qe2 Rc5 18. Nc3 Rxc3 19. bxc3 Rc8 20. Be3 Qb8 21. Bd4 a5 22. Ka1 Nfd7 23. g4 Nc5 24. Rb1 Qc7 25. gxh5 a4 26. h6 axb3 27. hxg7 bxa2 28. Rb2 Na4 29. Rb3 Nc6 30. h5 Nxd4 31. cxd4 Kxg7 32. Rh2 Qa7 33. Qd2 Rc4 34. Rb4 1-0

[Event "Budapest FS11 IM"]
[Site "Budapest"]
[Date "2012.11.08"]
[Round "5"]
[White "Wittmann, Walter"]
[Black "Battey, Alexander"]
[Result "1/2-1/2"]
[WhiteElo "2245"]
[BlackElo "2362"]
[PlyCount "31"]
[EventDate "2012.11.03"]
[EventType "tourn"]
[EventRounds "11"]
[EventCountry "HUN"]
[EventCategory "2"]
[SourceTitle "EXT 2013"]
[Source "ChessBase"]
[SourceDate "2012.11.22"]
[SourceVersion "1"]
[SourceVersionDate "2012.11.22"]
[SourceQuality "1"]

1. e4 c5 2. Nf3 d6 3. Nc3 a6 4. d4 cxd4 5. Nxd4 Nf6 6. a4 e5 7. Nf3 h6 8. Bc4 Be6 9. Bxe6 fxe6 10. 0-0 Be7 11. Nh4 0-0 12. Ng6 Rf7 13. f4 Nc6 14. Be3 Kh7 15. Nxe7 Qxe7 16. f5 1/2-1/2

[Event "Budapest FS11 IM"]
[Site "Budapest"]
[Date "2012.11.06"]
[Round "3"]
[White "Kojima, Shinya"]
[Black "Battey, Alexander"]
[Result "1/2-1/2"]
[WhiteElo "2339"]
[BlackElo "2362"]
[PlyCount "39"]
[EventDate "2012.11.03"]
[EventType "tourn"]
[EventRounds "11"]
[EventCountry "HUN"]
[EventCategory "2"]
[SourceTitle "EXT 2013"]
[Source "ChessBase"]
[SourceDate "2012.11.22"]
[SourceVersion "1"]
[SourceVersionDate "2012.11.22"]
[SourceQuality "1"]

1. Nf3 g6 2. e4 Bg7 3. d4 d6 4. Bc4 Nf6 5. Qe2 Nc6 6. e5 dxe5 7. dxe5 Ng4 8. e6 fxe6 9. Nc3 0-0 10. Bg5 Nge5 11. Nxe5 Nxe5 12. Rd1 Qe8 13. Bb3 c6 14. 0-0 Kh8 15. Bh4 Bf6 16. Bg3 Nd7 17. Bxe6 Nc5 18. Bxc8 Qxc8 19. Rd2 Qf5 20. Rfd1 1/2-1/2

[Event "Budapest FS11 IM"]
[Site "Budapest"]
[Date "2012.11.05"]
[Round "2"]
[White "Battey, Alexander"]
[Black "Atnilov, Michael"]
[Result "1/2-1/2"]
[WhiteElo "2362"]
[BlackElo "2099"]
[PlyCount "58"]
[EventDate "2012.11.03"]
[EventType "tourn"]
[EventRounds "11"]
[EventCountry "HUN"]
[EventCategory "2"]
[SourceTitle "EXT 2013"]
[Source "ChessBase"]
[SourceDate "2012.11.22"]
[SourceVersion "1"]
[SourceVersionDate "2012.11.22"]
[SourceQuality "1"]

1. d4 Nf6 2. c4 e6 3. Nf3 c5 4. d5 exd5 5. cxd5 d6 6. Nc3 g6 7. Bf4 a6 8. a4 Bg7 9. h3 0-0 10. e3 Qe7 11. Be2 Nbd7 12. 0-0 Ne8 13. Re1 Ne5 14. e4 Nc7 15. Qd2 Nxf3+ 16. Bxf3 Be5 17. Bg5 f6 18. Be3 f5 19. exf5 Bxf5 20. Bf4 Bxf4 21. Qxf4 Qd7 22. Qh4 Rae8 23. g4 Bd3 24. Bg2 b5 25. Qg3 c4 26. axb5 Rxe1+ 27. Rxe1 axb5 28. Qh4 Re8 29. Rxe8+ Qxe8 1/2-1/2

[Event "HUN-chT2 Maroczy 1213"]
[Site "Hungary"]
[Date "2012.11.04"]
[Round "3"]
[White "Papp, Gellert"]
[Black "Battey, Alexander"]
[Result "0-1"]
[WhiteElo "2337"]
[BlackElo "2364"]
[PlyCount "54"]
[EventDate "2012.09.16"]
[EventType "team-tourn"]
[EventRounds "11"]
[EventCountry "HUN"]
[SourceTitle "EXT 2014"]
[Source "ChessBase"]
[SourceDate "2013.11.20"]
[SourceVersion "1"]
[SourceVersionDate "2013.11.20"]
[SourceQuality "1"]
[WhiteTeam "Hobagoly"]
[BlackTeam "Sarkany"]
[WhiteTeamCountry "HUN"]
[BlackTeamCountry "HUN"]

1. e4 c5 2. Nf3 Nc6 3. d4 cxd4 4. Nxd4 Qb6 5. Nb3 Nf6 6. Nc3 e6 7. Be3 Qc7 8. Bd3 a6 9. 0-0 Be7 10. f4 d6 11. Kh1 0-0 12. Qf3 Rb8 13. Qg3 g6 14. f5 Ne5 15. Bh6 Re8 16. Nd4 Nfg4 17. Bd2 Qb6 18. Nce2 Bd7 19. Bc3 Qd8 20. fxe6 fxe6 21. Nf3 Nxd3 22. cxd3 e5 23. h3 Nf6 24. Qf2 Rf8 25. Qe3 Nh5 26. d4 Bb5 27. dxe5 Bxe2 0-1